00842nam a2200229 a 450000100060000000300080000600500170001400800410003102000180007203500140009004000270010404100130013108200270014410000270017124500890019825000120028726001510029930000290045050400540047965000390053365000400057256678BD-RjUL20211209080424.0161203s2008 enka b 001 0 eng  a9780955547317 a(BD-RjUL) aDLCcDLCdBD-RjULbeng1 aenghben 223a059.9144bAHB 20081 aAhmed, Faruque,d1964-10aBengali journals and journalism in the United Kingdom :b1916-2007 /cFaruque Ahmed. a1st ed. aLondon, UK :bEthnic Minorities Original History and Research Centre ;aBanglabazar, Dhaka [Bangladesh] :bDistributor, Jyotsna Publishers,c2008. a216 p. :bill. ;c22 cm. aIncludes bibliographical references (p. 184-185). 0aBengali newspaperszGreat Britain. 0aBengali periodicalszGreat Britain.